Uapities = (Record no. 18998)

MARC details
000 -LEADER
fixed length control field 02034cam a2200481 a 4500
001 - CONTROL NUMBER
control field 303062272
003 - CONTROL NUMBER IDENTIFIER
control field OCoLC
005 - DATE AND TIME OF LATEST TRANSACTION
control field 20171023150412.0
008 - FIXED-LENGTH DATA ELEMENTS--GENERAL INFORMATION
fixed length control field 090305s2010 nyua j b 001 0 eng
010 ## - LIBRARY OF CONGRESS CONTROL NUMBER
LC control number 2009007411
020 ## - INTERNATIONAL STANDARD BOOK NUMBER
International Standard Book Number 9781433924446
Qualifying information hardback
020 ## - INTERNATIONAL STANDARD BOOK NUMBER
International Standard Book Number 1433924447
Qualifying information hardback
020 ## - INTERNATIONAL STANDARD BOOK NUMBER
International Standard Book Number 9781433925023
Qualifying information paperback
020 ## - INTERNATIONAL STANDARD BOOK NUMBER
International Standard Book Number 1433925028
Qualifying information paperback
035 ## - SYSTEM CONTROL NUMBER
System control number (OCoLC)303062272
037 ## - SOURCE OF ACQUISITION
Stock number 1303262
Source of stock number/acquisition QBI
040 ## - CATALOGING SOURCE
Original cataloging agency DLC
Language of cataloging eng
Transcribing agency DLC
Modifying agency QBX
041 1# - LANGUAGE CODE
Language code of text/sound track or separate title eng
-- spa
Language code of original eng
042 ## - AUTHENTICATION CODE
Authentication code lcac
050 00 - LIBRARY OF CONGRESS CALL NUMBER
Classification number QL737.U55
Item number M25318 2010
082 00 - DEWEY DECIMAL CLASSIFICATION NUMBER
Classification number 599.65/42
Edition number 22
100 1# - MAIN ENTRY--PERSONAL NAME
Personal name Macken, JoAnn Early,
Dates associated with a name 1953-
Authority record control number http://id.loc.gov/authorities/names/n96091925.
240 10 - UNIFORM TITLE
Uniform title <a href="Elk.">Elk.</a>
Language of a work Spanish & English.
245 10 - TITLE STATEMENT
Title Uapities =
Remainder of title Elk /
Statement of responsibility, etc. by JoAnn Early Macken ; reading consultant, Jeanne Clidas ; [translators, Tatiana Acosta and Guillermo Gutirerez].
246 31 - VARYING FORM OF TITLE
Title proper/short title Elk
260 ## - PUBLICATION, DISTRIBUTION, ETC. (IMPRINT)
Place of publication, distribution, etc. Pleasantville, NY :
Name of publisher, distributor, etc. Weekly Reader Pub.,
Date of publication, distribution, etc. 2010.
264 #1 - PRODUCTION, PUBLICATION, DISTRIBUTION, MANUFACTURE, AND COPYRIGHT NOTICE
Place of production, publication, distribution, manufacture Pleasantville, NY :
Name of producer, publisher, distributor, manufacturer Weekly Reader Pub.,
Date of production, publication, distribution, manufacture, or copyright notice 2010.
300 ## - PHYSICAL DESCRIPTION
Extent 24 pages :
Other physical details color illustrations ;
Dimensions 19 cm.
336 ## - CONTENT TYPE
Content type term text
Content type code txt
Source rdacontent.
337 ## - MEDIA TYPE
Media type term unmediated
Media type code n
Source rdamedia.
338 ## - CARRIER TYPE
Carrier type term volume
Carrier type code nc
Source rdacarrier.
385 ## - AUDIENCE CHARACTERISTICS
Demographic group code age
Audience term Children
Source lcdgt.
490 1# - SERIES STATEMENT
Series statement Animals that live in the mountains =
-- Animales de las montanas.
490 1# - SERIES STATEMENT
Series statement WR science.
504 ## - BIBLIOGRAPHY, ETC. NOTE
Bibliography, etc Includes bibliographical references (page 23) and index.
521 ## - TARGET AUDIENCE NOTE
Target audience note For English-language text: Levels: GR: G; DRA: 12; El: 11-12; Running word count: 218.
546 ## - LANGUAGE NOTE
Language note Parallel text in English and Spanish.
650 #0 - SUBJECT ADDED ENTRY--TOPICAL TERM
Topical term or geographic name as entry element Elk
Authority record control number http://id.loc.gov/authorities/subjects/sh85042589
Form subdivision Juvenile literature.
Authority record control number http://id.loc.gov/authorities/subjects/sh99001674.
650 #0 - SUBJECT ADDED ENTRY--TOPICAL TERM
Topical term or geographic name as entry element Spanish language materials
General subdivision Bilingual
Form subdivision Juvenile literature.
800 1# - SERIES ADDED ENTRY--PERSONAL NAME
Personal name Macken, JoAnn Early,
Dates associated with a name 1953-
Title of a work Animals that live in the mountains.
Authority record control number http://id.loc.gov/authorities/names/n2005071751.
830 #0 - SERIES ADDED ENTRY--UNIFORM TITLE
Uniform title WR leveled reader.
Name of part/section of a work Science.
Authority record control number http://id.loc.gov/authorities/names/no2008132995.
942 ## - ADDED ENTRY ELEMENTS (KOHA)
Source of classification or shelving scheme Dewey Decimal Classification
Koha item type Libro/Book
Holdings
Withdrawn status Lost status Damaged status Not for loan Home library Current library Date acquired Inventory number Total Checkouts Full call number Barcode Date last seen Date checked out Price effective from Koha item type
        Las Pampas -- Satellite Las Pampas -- Satellite 23/10/2017 inventory date: 17-1-25 1 JNC 35701610 05/01/2023 07/10/2021 23/10/2017 Libro/Book

Powered by Koha